000 00725nam a22002411 4500
001 134729
003 ES-MaACL
005 20230906194731.0
007 t|
008 070913s1972 sp ||||0| spa d
016 7 _zIND2000944926
040 _aM-BN
_bspa
_cCDM
080 _a65.012.2
100 1 _aWiest, Jerome Douglas.
_9116787
245 1 0 _aTécnicas PERT y CPM /
_cJerome D. Wiest, Ferdinand K. Levy ; [traducido por José Patricio Montojo].
260 _aMadrid :
_bParaninfo,
_c1972.
300 _a215 p. :
_bil ;
_c22 cm.
650 1 4 _aPERT.
_915983
650 1 4 _aCMP.
_911123
700 1 _aLevy, Ferdinand K.
_972000
700 1 _aMontojo, José Patricio.
_982669
852 _aES-MaACL
_jC-49340
_bR.84062
999 _c134729
_d134729